000
00332nam a2200145Ia 4500
005
20251222152019.0
008
251222s9999||||xx |||||||||||||| ||spa||
020
_a
8434845091
082
_a
863.64/G19
100
_a
Gándara, Alejandro
245
0
_a
Falso Movimiento
250
_a
4ta.ed
264
_b
Ediciones SM
942
_c
LIB
999
_c
25213
_d
25213